Electronic precision measurement techniques and experiments
Shranjeno v:
| Korporativna značnica: | |
|---|---|
| Format: | Knjiga |
| Jezik: | angleščina |
| Izdano: |
Englewood Cliffs
Prentice-Hall
1964
|
| Izdaja: | 2a. ed |
| Teme: | |
| Oznake: |
Označite
Brez oznak, prvi označite!
|
MARC
| LEADER | 00000nam a2200000 a 4500 | ||
|---|---|---|---|
| 001 | UCU5208 | ||
| 003 | CL-VaPUC | ||
| 008 | 960531e19640000us |||||||||||||||||eng|d | ||
| 082 | 0 | 4 | |a 621.37 |b PHI |2 21 |
| 110 | 2 | |a Philco Technological Center |e author |9 363101 | |
| 245 | 1 | 0 | |a Electronic precision measurement techniques and experiments |
| 250 | |a 2a. ed | ||
| 300 | |a 336 p | ||
| 942 | |c BK | ||
| 945 | |d 19960531 00:00:00 |a lriquelm | ||
| 260 | |a Englewood Cliffs |b Prentice-Hall |c 1964 | ||
| 650 | 7 | |a INSTRUMENTOS DE MEDIDAS ELECTRICAS |2 CL-VaPUC |9 356874 | |
| 650 | 7 | |a TECNOLOGIA ELECTRICA |2 CL-VaPUC |9 336952 | |
| 650 | 7 | |a MEDIDA |2 CL-VaPUC |9 360062 | |
| 650 | 0 | |a Electrónica |9 263192 | |
| 650 | 0 | |a Ondas de radio |9 263255 | |
| 583 | |a last modification |c 20150428 09:51:50 |k Rodrigo Vera | ||
| 999 | |c 248647 |d 248645 | ||
| 952 | |0 0 |1 0 |4 0 |6 621_370000000000000_PHI_1964 |7 0 |8 A |9 265430 |a BIBING |b BIBING |d 2019-11-19 |i 1669567 |o 621.37 PHI 1964 |p 1669567 |r 2025-01-20 |w 2019-11-19 |y BK |k EIE | ||